[Event "KAZ-ch (Women)"]
[Site "Almaty"]
[Date "2017.04.09"]
[Round "7"]
[White "Abdumalik, Zhansaya"]
[Black "Rysbayeva, Korlan"]
[Result "1-0"]
[WhiteElo "2442"]
[BlackElo "2043"]
[PlyCount "77"]
[EventDate "2017.04.03"]
[EventType "tourn"]
[EventRounds "9"]
[EventCountry "KAZ"]
[SourceTitle "CBM 177 Extra"]
[Source "ChessBase"]
[SourceDate "2017.04.27"]
[SourceVersion "1"]
[SourceVersionDate "2017.04.27"]
[SourceQuality "1"]

1. e4 e5 2. Nf3 Nc6 3. Bb5 a6 4. Ba4 Nf6 5. 0-0 b5 6. Bb3 Bc5 7. c3 d6 8. d4 Bb6 9. h3 0-0 10. Be3 Bb7 11. Nbd2 Re8 12. d5 Ne7 13. Bxb6 cxb6 14. Re1 Ng6 15. c4 Nf4 16. cxb5 axb5 17. Nf1 N6h5 18. Kh2 Bc8 19. Ng1 Qg5 20. g3 Ng6 21. Qd2 Nhf4 22. Rac1 Nh4 23. f3 Qh5 24. gxh4 Qxh4 25. Kh1 Bxh3 26. Nxh3 Nxh3 27. Nh2 Nf2+ 28. Kg2 Qh3+ 29. Kxf2 Qxh2+ 30. Ke3 Qf4+ 31. Ke2 Qh2+ 32. Kd3 Qh3 33. Qe3 f5 34. Rh1 fxe4+ 35. Qxe4 Qd7 36. Qxh7+ Kf8 37. Rhg1 Qf7 38. Qh8+ Ke7 39. Rc7+ 1-0

[Event "KAZ-ch (Women)"]
[Site "Almaty"]
[Date "2017.04.06"]
[Round "4"]
[White "Rysbayeva, Korlan"]
[Black "Mukhit, Aisezym"]
[Result "0-1"]
[WhiteElo "2043"]
[BlackElo "2016"]
[PlyCount "112"]
[EventDate "2017.04.03"]
[EventType "tourn"]
[EventRounds "9"]
[EventCountry "KAZ"]
[SourceTitle "CBM 177 Extra"]
[Source "ChessBase"]
[SourceDate "2017.04.27"]
[SourceVersion "1"]
[SourceVersionDate "2017.04.27"]
[SourceQuality "1"]

1. e4 c5 2. Nf3 e6 3. c4 a6 4. Nc3 Qc7 5. Be2 b6 6. 0-0 Bb7 7. d4 cxd4 8. Nxd4 Nf6 9. Qd3 d6 10. a3 Nbd7 11. Qe3 Rc8 12. Kh1 h5 13. f4 h4 14. h3 Be7 15. f5 e5 16. Nb3 Nh5 17. Bxh5 Rxh5 18. Qf3 Rh8 19. Nd2 Bg5 20. Nd5 Qd8 21. Qg4 Bxd5 22. exd5 Kf8 23. Ne4 Bxc1 24. Raxc1 Nf6 25. Nxf6 Qxf6 26. b4 Ke7 27. Qe2 a5 28. Qe3 axb4 29. axb4 Rb8 30. Ra1 Rhc8 31. Ra7+ Kf8 32. Qe2 Kg8 33. Qd3 Ra8 34. Rb7 Rab8 35. Rxb8 Rxb8 36. Qe3 Rc8 37. Qd3 Qg5 38. Ra1 Qf4 39. Ra6 Rxc4 40. Ra8+ Kh7 41. f6+ g6 42. Ra1 Rc1+ 43. Rxc1 Qxc1+ 44. Kh2 Qf4+ 45. Kg1 Qxb4 46. Qa6 Qd4+ 47. Kh1 e4 48. Qb7 Qxf6 49. Qxb6 Qf1+ 50. Kh2 Qf4+ 51. Kg1 e3 52. Qb2 Qf5 53. Qa2 Qe5 54. Kf1 Qh2 55. Qa6 Qf4+ 56. Kg1 Qf2+ 0-1

[Event "KAZ-ch (Women)"]
[Site "Almaty"]
[Date "2017.04.04"]
[Round "2"]
[White "Kairbekova, Amina"]
[Black "Rysbayeva, Korlan"]
[Result "0-1"]
[WhiteElo "1768"]
[BlackElo "2043"]
[PlyCount "42"]
[EventDate "2017.04.03"]
[EventType "tourn"]
[EventRounds "9"]
[EventCountry "KAZ"]
[SourceTitle "CBM 177 Extra"]
[Source "ChessBase"]
[SourceDate "2017.04.27"]
[SourceVersion "1"]
[SourceVersionDate "2017.04.27"]
[SourceQuality "1"]

1. e4 e5 2. Nf3 Nc6 3. d4 exd4 4. Nxd4 Nf6 5. Nxc6 bxc6 6. e5 Ne4 7. Bc4 d5 8. exd6 Bxd6 9. Qf3 0-0 10. 0-0 Qh4 11. g3 Nxg3 12. Bxf7+ Rxf7 13. hxg3 Rxf3 14. gxh4 Bh3 15. Re1 Raf8 16. Be3 R8f6 17. Nd2 Rg6+ 18. Kh1 Bg2+ 19. Kg1 Bh2+ 20. Kxh2 Rh3+ 21. Kg1 Rh1# 0-1

[Event "KAZ-ch (Women)"]
[Site "Almaty"]
[Date "2017.04.03"]
[Round "1"]
[White "Rysbayeva, Korlan"]
[Black "Ankudinova, Elena"]
[Result "0-1"]
[WhiteElo "2043"]
[BlackElo "2166"]
[PlyCount "110"]
[EventDate "2017.04.03"]
[EventType "tourn"]
[EventRounds "9"]
[EventCountry "KAZ"]
[SourceTitle "CBM 177 Extra"]
[Source "ChessBase"]
[SourceDate "2017.04.27"]
[SourceVersion "1"]
[SourceVersionDate "2017.04.27"]
[SourceQuality "1"]

1. e4 c6 2. d4 d5 3. exd5 cxd5 4. c4 Nf6 5. Nc3 Nc6 6. cxd5 Nxd5 7. Nf3 Bf5 8. a3 e6 9. Bc4 Nxc3 10. bxc3 Be7 11. 0-0 0-0 12. Re1 Rc8 13. Bd3 Bxd3 14. Qxd3 Na5 15. Ne5 Qc7 16. Bf4 Bd6 17. Re3 f6 18. Rh3 g5 19. Nd7 Qxd7 20. Bxd6 Rf7 21. Bb4 Nc4 22. Rb1 b6 23. a4 a5 24. Bc5 bxc5 25. Qxc4 cxd4 26. Qxd4 Qxd4 27. cxd4 Rb7 28. Re1 Rc4 29. Rhe3 Rb6 30. h4 Rxd4 31. hxg5 fxg5 32. Rxe6 Rxe6 33. Rxe6 Rxa4 34. Re7 Ra1+ 35. Kh2 a4 36. Ra7 a3 37. Kg3 a2 38. Kg4 h6 39. Kf5 Kf8 40. Kf6 Ke8 41. Kg6 g4 42. Kf5 h5 43. g3 h4 44. Kxg4 h3 45. Kxh3 Rh1+ 46. Kg4 a1Q 47. Rxa1 Rxa1 48. f4 Rg1 49. Kh4 Kf7 50. g4 Kf6 51. Kh3 Ra1 52. Kg3 Ra3+ 53. Kh4 Rf3 54. f5 Rf1 55. Kg3 Kg5 0-1

[Event "Maralsay op"]
[Site "Maralsay"]
[Date "2010.08.21"]
[Round "5"]
[White "Daurimbetov, Azamat"]
[Black "Rysbayeva, Korlan"]
[Result "1-0"]
[WhiteElo "2269"]
[BlackElo "2040"]
[PlyCount "86"]
[EventDate "2010.08.17"]
[EventType "swiss"]
[EventRounds "9"]
[EventCountry "KAZ"]
[SourceTitle "EXT 2013"]
[Source "ChessBase"]
[SourceDate "2012.11.22"]
[SourceVersion "1"]
[SourceVersionDate "2012.11.22"]
[SourceQuality "1"]

1. c4 c5 2. Nc3 Nf6 3. Nf3 d5 4. cxd5 Nxd5 5. g3 Nc6 6. Bg2 Nc7 7. Qa4 Bd7 8. 0-0 e5 9. d3 Be7 10. Be3 0-0 11. Rfc1 Kh8 12. Qd1 Rc8 13. a4 b6 14. a5 Be6 15. axb6 axb6 16. Nd2 Nd4 17. Nc4 b5 18. Nxe5 Nb3 19. Nc6 Qd7 20. Nxe7 Qxe7 21. Ra7 Nxc1 22. Qxc1 Bd7 23. Rxc7 Rxc7 24. Nd5 Qd6 25. Nxc7 Qxc7 26. Qxc5 Rc8 27. b4 Qd8 28. Qd5 Qe8 29. Bc5 Bc6 30. Qf5 Ra8 31. Bxc6 Qxc6 32. e4 f6 33. d4 g6 34. Qf4 Qe6 35. d5 Qe5 36. Qe3 Ra1+ 37. Kg2 Rd1 38. Qf3 Qa1 39. h4 Rh1 40. Qd3 Rg1+ 41. Kf3 Qe5 42. Qd2 Qh5+ 43. Ke3 Rd1 1-0

[Event "Maralsay op"]
[Site "Maralsay"]
[Date "2010.08.18"]
[Round "1"]
[White "Khamzin, Olzhas"]
[Black "Rysbayeva, Korlan"]
[Result "1-0"]
[WhiteElo "2345"]
[BlackElo "2040"]
[PlyCount "87"]
[EventDate "2010.08.17"]
[EventType "swiss"]
[EventRounds "9"]
[EventCountry "KAZ"]
[SourceTitle "EXT 2013"]
[Source "ChessBase"]
[SourceDate "2012.11.22"]
[SourceVersion "1"]
[SourceVersionDate "2012.11.22"]
[SourceQuality "1"]

1. Nf3 d5 2. c4 c6 3. d4 Nf6 4. Qc2 dxc4 5. Qxc4 Bf5 6. g3 e6 7. Bg2 Be7 8. 0-0 0-0 9. Nc3 Nbd7 10. Re1 h6 11. e4 Bh7 12. Bf4 Rc8 13. Qe2 Bb4 14. Ne5 c5 15. Qb5 cxd4 16. Qxb4 dxc3 17. bxc3 Nc5 18. Rad1 Qb6 19. Qxb6 axb6 20. f3 Na4 21. c4 Rc5 22. g4 Ra8 23. Bf1 Nc3 24. Rd6 g5 25. Bg3 h5 26. Rxb6 Rxa2 27. gxh5 Nxh5 28. Nd7 Rc8 29. Be5 Rc2 30. Rxb7 Bg6 31. Rb3 Na2 32. Reb1 f5 33. R3b2 Rxb2 34. Rxb2 Ra8 35. exf5 exf5 36. c5 f4 37. c6 Rc8 38. c7 Bf5 39. Nb6 Re8 40. Rxa2 Rxe5 41. c8Q+ Bxc8 42. Nxc8 Re3 43. Kf2 Nf6 44. h3 1-0

[Event "Lipetsk op"]
[Site "Lipetsk"]
[Date "2010.07.01"]
[Round "9"]
[White "Rysbayeva, Korlan"]
[Black "Kostoglotov, Dmitry"]
[Result "1-0"]
[WhiteElo "2073"]
[BlackElo "1929"]
[PlyCount "77"]
[EventDate "2010.06.23"]
[EventType "swiss"]
[EventRounds "9"]
[EventCountry "RUS"]
[SourceTitle "CBM 137 Extra"]
[Source "ChessBase"]
[SourceDate "2010.09.01"]
[SourceVersion "1"]
[SourceVersionDate "2010.09.01"]
[SourceQuality "1"]

1. e4 c6 2. d4 d5 3. exd5 cxd5 4. c4 Nf6 5. Nc3 e6 6. Nf3 Bb4 7. cxd5 Nxd5 8. Bd2 0-0 9. Bd3 Nc6 10. 0-0 Be7 11. a3 Bf6 12. Nxd5 exd5 13. h3 Nxd4 14. Nxd4 Bxd4 15. Bb4 Re8 16. Bxh7+ Kxh7 17. Qxd4 Be6 18. Rfe1 Kg8 19. Bc3 Qg5 20. Re3 Qf6 21. Qxf6 gxf6 22. Bxf6 Rac8 23. Rd1 Rc4 24. Rxd5 Bxd5 25. Rxe8+ Kh7 26. Bc3 Re4 27. Rd8 Bc6 28. Rd6 Re6 29. Rxe6 fxe6 30. Kh2 Kg6 31. g4 a6 32. Kg3 Be4 33. h4 Bc2 34. h5+ Kh7 35. Kh4 Bd1 36. g5 Bc2 37. g6+ Kg8 38. Kg5 Bf5 39. h6 1-0

[Event "Lipetsk op"]
[Site "Lipetsk"]
[Date "2010.06.30"]
[Round "8"]
[White "Tarleva, Vira"]
[Black "Rysbayeva, Korlan"]
[Result "0-1"]
[WhiteElo "2096"]
[BlackElo "2073"]
[PlyCount "66"]
[EventDate "2010.06.23"]
[EventType "swiss"]
[EventRounds "9"]
[EventCountry "RUS"]
[SourceTitle "CBM 137 Extra"]
[Source "ChessBase"]
[SourceDate "2010.09.01"]
[SourceVersion "1"]
[SourceVersionDate "2010.09.01"]
[SourceQuality "1"]

1. e4 e5 2. Nf3 Nc6 3. Nc3 Nf6 4. d4 exd4 5. Nxd4 Bb4 6. Nxc6 bxc6 7. Bd3 d5 8. exd5 cxd5 9. 0-0 0-0 10. Bg5 c6 11. Ne2 h6 12. Bf4 Bd6 13. Qd2 c5 14. c4 Bxf4 15. Qxf4 Bb7 16. Ng3 Re8 17. Rad1 d4 18. Rfe1 Qa5 19. Rxe8+ Rxe8 20. h3 Qxa2 21. Nf5 Qa4 22. Rd2 Qc6 23. f3 Bc8 24. Ng3 g5 25. Qb8 Bb7 26. Qxa7 Ra8 27. Qxa8+ Bxa8 28. Nf5 Qc7 29. Nxh6+ Kf8 30. Nf5 Nh5 31. Kf2 Nf4 32. Bb1 Qa5 33. Rd1 Qb4 0-1

[Event "Lipetsk op"]
[Site "Lipetsk"]
[Date "2010.06.27"]
[Round "5"]
[White "Rysbayeva, Korlan"]
[Black "Beliaev, Vasily"]
[Result "0-1"]
[WhiteElo "2073"]
[BlackElo "2064"]
[PlyCount "118"]
[EventDate "2010.06.23"]
[EventType "swiss"]
[EventRounds "9"]
[EventCountry "RUS"]
[SourceTitle "CBM 137 Extra"]
[Source "ChessBase"]
[SourceDate "2010.09.01"]
[SourceVersion "1"]
[SourceVersionDate "2010.09.01"]
[SourceQuality "1"]

1. e4 e5 2. Nf3 Nc6 3. Bb5 a6 4. Ba4 Nf6 5. 0-0 Be7 6. Re1 b5 7. Bb3 d6 8. c3 0-0 9. d4 Bg4 10. d5 Nb8 11. Nbd2 c6 12. h3 Bd7 13. dxc6 Bxc6 14. Bc2 Nbd7 15. Nf1 Nc5 16. Ng3 Qc7 17. Bg5 Ne6 18. Bd2 g6 19. Bh6 Rfe8 20. a4 Bf8 21. Bxf8 Rxf8 22. Qd2 Kg7 23. axb5 axb5 24. Rxa8 Rxa8 25. Bb3 h6 26. Nh2 Nf4 27. Qe3 Bd7 28. Ne2 Be6 29. Bxe6 Nxe6 30. Nc1 Qc5 31. Qd2 Ra1 32. Ng4 Nxg4 33. hxg4 Ng5 34. Kh2 Qc6 35. f3 Ne6 36. Re3 Nf4 37. Nb3 Rb1 38. Nc1 Qb6 39. g3 Ne6 40. Rd3 Ng5 41. Kg2 Qa6 42. f4 Nxe4 43. Qe2 Qc6 44. Qc2 Nf6+ 45. Rf3 e4 46. Rf1 e3+ 47. Kg1 Ra1 48. Qe2 Qe4 49. Qxb5 Nxg4 50. Qd3 Qe6 51. Qd4+ Nf6 52. Ne2 Rxf1+ 53. Kxf1 h5 54. Kg2 h4 55. b4 h3+ 56. Kg1 Kg8 57. b5 Ng4 58. b6 h2+ 59. Kg2 Nf2 0-1

[Event "Lipetsk op"]
[Site "Lipetsk"]
[Date "2010.06.25"]
[Round "3"]
[White "Kazantseva, Alla"]
[Black "Rysbayeva, Korlan"]
[Result "1/2-1/2"]
[WhiteElo "1924"]
[BlackElo "2073"]
[PlyCount "46"]
[EventDate "2010.06.23"]
[EventType "swiss"]
[EventRounds "9"]
[EventCountry "RUS"]
[SourceTitle "CBM 137 Extra"]
[Source "ChessBase"]
[SourceDate "2010.09.01"]
[SourceVersion "1"]
[SourceVersionDate "2010.09.01"]
[SourceQuality "1"]

1. e4 e5 2. Nf3 Nc6 3. Bb5 a6 4. Ba4 Nf6 5. 0-0 b5 6. Bb3 Bc5 7. Nxe5 Nxe5 8. d4 Bxd4 9. Qxd4 d6 10. c3 0-0 11. f3 c5 12. Qd1 Bb7 13. Bf4 Qb6 14. Kh1 h6 15. Be3 Qc7 16. a4 Rad8 17. Qe2 c4 18. Bc2 Qe7 19. axb5 axb5 20. Qf2 Ra8 21. Nd2 Rxa1 22. Rxa1 Ra8 23. Rxa8+ Bxa8 1/2-1/2

[Event "Lipetsk op"]
[Site "Lipetsk"]
[Date "2010.06.24"]
[Round "2"]
[White "Rysbayeva, Korlan"]
[Black "Dmitriev, Igor"]
[Result "0-1"]
[WhiteElo "2073"]
[BlackElo "2369"]
[PlyCount "114"]
[EventDate "2010.06.23"]
[EventType "swiss"]
[EventRounds "9"]
[EventCountry "RUS"]
[SourceTitle "CBM 137 Extra"]
[Source "ChessBase"]
[SourceDate "2010.09.01"]
[SourceVersion "1"]
[SourceVersionDate "2010.09.01"]
[SourceQuality "1"]

1. e4 d6 2. d4 a6 3. Nf3 Bg4 4. Be3 Nd7 5. h3 Bh5 6. Be2 e6 7. 0-0 Ne7 8. Nbd2 d5 9. c4 c6 10. Bg5 f6 11. Bf4 Bf7 12. cxd5 cxd5 13. Rc1 Nc6 14. exd5 exd5 15. Qb3 Qb6 16. Qe3+ Be7 17. Bd3 Kf8 18. Bf5 Qd8 19. Qb3 Ra7 20. Rfe1 g5 21. Bg3 Kg7 22. Nf1 Re8 23. Ne3 Nf8 24. h4 gxh4 25. Bxh4 Ng6 26. Bg3 Bf8 27. Bb1 Kh8 28. a3 Na5 29. Qd3 Nc4 30. Nxc4 Rxe1+ 31. Rxe1 dxc4 32. Qf5 b5 33. Qh5 Re7 34. Rd1 Rd7 35. Nh4 Rd5 36. Be5 Kg8 37. Bxg6 hxg6 38. Nxg6 Bg7 39. Qg4 Bxg6 40. Qxg6 fxe5 41. Re1 Rxd4 42. Qe6+ Kf8 43. Qf5+ Qf6 44. Qc8+ Rd8 45. Qc5+ Kg8 46. Qe3 Rd4 47. Qh3 e4 48. Qc8+ Rd8 49. Qg4 Rd2 50. Rxe4 Qxf2+ 51. Kh2 Rd6 52. Re8+ Kh7 53. Qe4+ Rg6 54. Re6 Qg3+ 55. Kh1 Qg4 56. Qxg4 Rxg4 57. Rxa6 Bxb2 0-1

[Event "Voronezh op-A 14th"]
[Site "Voronezh"]
[Date "2010.06.18"]
[Round "6"]
[White "Semenova, Elena"]
[Black "Rysbayeva, Korlan"]
[Result "1-0"]
[WhiteElo "2162"]
[BlackElo "2072"]
[PlyCount "83"]
[EventDate "2010.06.12"]
[EventType "swiss"]
[EventRounds "9"]
[EventCountry "RUS"]
[SourceTitle "CBM 137 Extra"]
[Source "ChessBase"]
[SourceDate "2010.09.01"]
[SourceVersion "1"]
[SourceVersionDate "2010.09.01"]
[SourceQuality "1"]

1. e4 e5 2. Nf3 Nc6 3. d4 exd4 4. Nxd4 Nf6 5. Nxc6 bxc6 6. e5 Qe7 7. Qe2 Nd5 8. c4 Ba6 9. b3 g6 10. Ba3 Nb4 11. Bb2 Bg7 12. a3 Nd5 13. Qe4 Nb6 14. Nd2 d5 15. Qe3 0-0 16. cxd5 Bxf1 17. Rxf1 cxd5 18. 0-0-0 c5 19. f4 Rac8 20. Kb1 f5 21. Rc1 a5 22. Qd3 Qe6 23. Qb5 c4 24. Nf3 Rb8 25. Nd4 Qe8 26. Qxa5 cxb3 27. Rc6 Qd8 28. Rd6 Qc7 29. Rc1 Qb7 30. Rcc6 Nc8 31. Qxd5+ Kh8 32. Rd7 Nb6 33. Rxb7 Nxd5 34. Rxg7 Kxg7 35. Ne6+ Kg8 36. Nxf8 Kxf8 37. g3 Ke7 38. Bd4 Rb7 39. Kb2 Kf7 40. Bc5 Ne7 41. Rf6+ Ke8 42. Re6 1-0

[Event "Kostroma Volga Cup op"]
[Site "Kostroma"]
[Date "2009.07.??"]
[Round "4"]
[White "Letov, Petr"]
[Black "Rysbayeva, Korlan"]
[Result "1/2-1/2"]
[WhiteElo "2158"]
[BlackElo "2007"]
[PlyCount "128"]
[EventDate "2009.07.03"]
[EventType "swiss"]
[EventRounds "9"]
[EventCountry "RUS"]
[SourceTitle "EXT 2021"]
[Source "ChessBase"]
[SourceDate "2020.10.23"]
[SourceVersion "1"]
[SourceVersionDate "2020.10.23"]
[SourceQuality "1"]

1. e4 e5 2. Nf3 Nc6 3. Bb5 a6 4. Ba4 Nf6 5. 0-0 b5 6. Bb3 Bc5 7. Nxe5 Nxe5 8. d4 Bxd4 9. Qxd4 d6 10. c3 c5 11. Qd1 0-0 12. Bg5 h6 13. Bh4 Bb7 14. f3 Qe7 15. Qe2 Ng6 16. Bg3 Nh5 17. Qf2 c4 18. Bc2 Rad8 19. Nd2 Nhf4 20. a4 Qg5 21. axb5 axb5 22. Ra7 Bc8 23. Kh1 h5 24. Ra5 h4 25. Bxf4 Nxf4 26. b3 Qf6 27. Rxb5 cxb3 28. Rxb3 Rfe8 29. Rfb1 Re5 30. Nc4 Rg5 31. Ne3 Be6 32. Rb8 Bc8 33. c4 Rf8 34. R8b5 Ba6 35. Rxg5 Qxg5 36. Nf5 Bxc4 37. Nxd6 Bd3 38. Bxd3 Nxd3 39. Qe2 Nf4 40. Qa2 Qf6 41. Nf5 h3 42. gxh3 Nxh3 43. Qg2 Nf4 44. Qg4 Ne6 45. Rg1 Ra8 46. f4 Ra1 47. e5 Rxg1+ 48. Kxg1 Qd8 49. Nd6 Qb6+ 50. Kg2 Qe3 51. Qf3 Nxf4+ 52. Kg3 Ne2+ 53. Kg2 Nf4+ 54. Kg3 Ne2+ 55. Kg4 Qd4+ 56. Ne4 Nc3 57. Qxc3 Qxe4+ 58. Kg3 Qg6+ 59. Kf3 Qh5+ 60. Kg3 Qg5+ 61. Kf2 Qf4+ 62. Kg2 Qe4+ 63. Kg3 Qg6+ 64. Kf4 Qh6+ 1/2-1/2

[Event "Kostroma Volga Cup op"]
[Site "Kostroma"]
[Date "2009.07.??"]
[Round "6"]
[White "Rysbayeva, Korlan"]
[Black "Safaryan, Mikhail"]
[Result "1-0"]
[WhiteElo "2007"]
[BlackElo "1910"]
[PlyCount "49"]
[EventDate "2009.07.03"]
[EventType "swiss"]
[EventRounds "9"]
[EventCountry "RUS"]
[SourceTitle "EXT 2021"]
[Source "ChessBase"]
[SourceDate "2020.10.23"]
[SourceVersion "1"]
[SourceVersionDate "2020.10.23"]
[SourceQuality "1"]

1. e4 c5 2. Nf3 d6 3. d4 cxd4 4. Nxd4 Nf6 5. Nc3 e6 6. Be2 a6 7. Be3 Be7 8. 0-0 Qc7 9. f4 Nc6 10. Kh1 Nxd4 11. Bxd4 b5 12. a3 Bb7 13. Bf3 0-0 14. Qe1 Nd7 15. f5 Bf6 16. Bxf6 Nxf6 17. fxe6 fxe6 18. e5 Bxf3 19. exf6 Bg4 20. Qg3 Bh5 21. Qh3 Qf7 22. Ne4 e5 23. Nxd6 Qd5 24. Nf5 Qf7 25. fxg7 1-0

[Event "Voronezh op-B"]
[Site "Voronezh"]
[Date "2008.06.18"]
[Round "7"]
[White "Rasstriguine, Andrei"]
[Black "Rysbayeva, Korlan"]
[Result "0-1"]
[WhiteElo "2137"]
[BlackElo "1959"]
[PlyCount "60"]
[EventDate "2008.06.12"]
[EventType "swiss"]
[EventRounds "9"]
[EventCountry "RUS"]
[SourceTitle "CBM 125 Extra"]
[Source "ChessBase"]
[SourceDate "2008.09.01"]
[SourceVersion "1"]
[SourceVersionDate "2008.09.01"]
[SourceQuality "1"]

1. Nf3 d5 2. d4 Nf6 3. c4 dxc4 4. e3 e6 5. Bxc4 c5 6. 0-0 a6 7. a4 Nc6 8. Qe2 cxd4 9. Rd1 Bd6 10. exd4 0-0 11. Nc3 Nb4 12. Bg5 Be7 13. Ne5 Nfd5 14. Bd2 Nc2 15. Rac1 Nxd4 16. Qd3 Nc6 17. Nxc6 bxc6 18. Qh3 Bd6 19. Qf3 Qh4 20. Ne4 Qxh2+ 21. Kf1 Bf4 22. Bxf4 Nxf4 23. g3 Ng6 24. Qe3 e5 25. Rd6 Bg4 26. Ke1 Ne7 27. Kd2 Nf5 28. Qg5 Nxd6 29. Nf6+ Kh8 30. Nxg4 Ne4+ 0-1

[Event "Voronezh op-B"]
[Site "Voronezh"]
[Date "2008.06.15"]
[Round "4"]
[White "Makarkin, Zhan"]
[Black "Rysbayeva, Korlan"]
[Result "1-0"]
[WhiteElo "2147"]
[BlackElo "1959"]
[PlyCount "91"]
[EventDate "2008.06.12"]
[EventType "swiss"]
[EventRounds "9"]
[EventCountry "RUS"]
[SourceTitle "CBM 125 Extra"]
[Source "ChessBase"]
[SourceDate "2008.09.01"]
[SourceVersion "1"]
[SourceVersionDate "2008.09.01"]
[SourceQuality "1"]

1. e4 e5 2. Nf3 Nc6 3. Bb5 a6 4. Ba4 Nf6 5. d3 b5 6. Bb3 Bc5 7. Nc3 h6 8. a4 Rb8 9. axb5 axb5 10. Nd5 0-0 11. c3 d6 12. h3 Nxd5 13. Bxd5 Ne7 14. Bb3 Ng6 15. 0-0 Bb6 16. d4 Qf6 17. Be3 Nf4 18. Kh2 Kh8 19. Ng1 Re8 20. d5 Qg6 21. Qf3 Nh5 22. Bxb6 Rxb6 23. Ra7 Bb7 24. Ne2 Nf6 25. Ng3 Nd7 26. Bc2 Ra8 27. Rfa1 Rxa7 28. Rxa7 Nf6 29. Nf5 Qg5 30. Qe3 Qh5 31. f3 Qg6 32. g4 Nd7 33. b4 Qg5 34. Qxg5 hxg5 35. Bd3 Nf8 36. Ra5 g6 37. Ne7 Ba6 38. Nc6 Nd7 39. Na7 Kg7 40. Bxb5 Bxb5 41. Nxb5 c5 42. dxc6 Rxc6 43. Ra7 Nf8 44. Ra3 Ne6 45. Na7 Rb6 46. b5 1-0